Tục ngữ ca dao về ẩm thực Ninh Bình

Kaydedildi:
Detaylı Bibliyografya
Yazar: Đỗ, Danh Gia
Müşterek Yazar: Hội Văn nghệ dân gian Việt Nam
Materyal Türü: Kitap
Dil:Vietnamese
Baskı/Yayın Bilgisi: Hà Nội Thanh niên 2011
Konular:
Etiketler: Etiketle
Etiket eklenmemiş, İlk siz ekleyin!
Thư viện lưu trữ: Trung tâm Học liệu Lê Vũ Hùng, Trường Đại học Đồng Tháp
LEADER 01028pam a22002778a 4500
001 00028196
005 20171026081023.0
008 120306s2011 ||||||viesd
041 0 # |a vie 
082 1 4 |a 398.209 597 39  |b T506N 
100 1 # |a Đỗ, Danh Gia 
245 1 0 |a Tục ngữ ca dao về ẩm thực Ninh Bình  |c Đỗ Danh Gia 
260 # # |a Hà Nội  |b Thanh niên  |c 2011 
300 # # |a 326 tr.  |c 21 cm. 
500 # # |a Dự án công bố, phổ biến tài sản văn hóa, văn nghệ dân gian Việt Nam 
504 # # |a Tài liệu tham khảo tr. 319-322 
541 # # |a Tặng 
650 # 4 |z Việt Nam  |a Văn hóa dân gian  |x Ẩm thực  |z Ninh Bình 
653 # # |a Ca dao 
653 # # |a Ninh Bình 
653 # # |a Tục ngữ 
710 2 # |a Hội Văn nghệ dân gian Việt Nam 
852 # # |b Kho đọc  |j KD.0012571 
852 # # |j KD.0012571 
910 0 # |a Ntuyet  |d 06/03/2012 
980 # # |a Trung tâm Học liệu Lê Vũ Hùng, Trường Đại học Đồng Tháp